The insurance times. (Record no. 22467)

MARC details
000 -LEADER
fixed length control field 00955cas a2200265 a 4500
001 - CONTROL NUMBER
control field 12043460
005 - DATE AND TIME OF LATEST TRANSACTION
control field 20060807150858.0
008 - FIXED-LENGTH DATA ELEMENTS--GENERAL INFORMATION
fixed length control field 000615c19uu9999ii mr p 0 0eng
022 ## - INTERNATIONAL STANDARD SERIAL NUMBER
International Standard Serial Number 0971-4480
037 ## - SOURCE OF ACQUISITION
Source of stock number/acquisition Insurance Times, 25, Baranashi Ghosh St., Calcutta-700007
Terms of availability Rs900.00 ($100.00 U.S.)
040 ## - CATALOGING SOURCE
Original cataloging agency DLC
Transcribing agency DLC
043 ## - GEOGRAPHIC AREA CODE
Geographic area code a-ii---
130 ## - MAIN ENTRY--UNIFORM TITLE
Uniform title Insurance times (Calcutta, India)
245 ## - TITLE STATEMENT
Title The insurance times.
260 ## - PUBLICATION, DISTRIBUTION, ETC. (IMPRINT)
Place of publication, distribution, etc Kolkata :
Name of publisher, distributor, etc The Insurance Times,
300 ## - PHYSICAL DESCRIPTION
Extent v. :
Other physical details ill. ;
Dimensions 27 cm.
310 ## - CURRENT PUBLICATION FREQUENCY
Current publication frequency Monthly
500 ## - GENERAL NOTE
General note Description based on: Vol. 19, no. 11 (Nov. 1999); title from cover.
650 ## - SUBJECT ADDED ENTRY--TOPICAL TERM
Topical term or geographic name as entry element Insurance
Geographic subdivision India
Form subdivision Periodicals.
906 ## - LOCAL DATA ELEMENT F, LDF (RLIN)
c serials
942 ## - ADDED ENTRY ELEMENTS (KOHA)
Source of classification or shelving scheme Dewey Decimal Classification
Item type Periodicals
Classification part 368
Call number suffix THE
Serial record 1
Holdings
Withdrawn status Lost status Source of classification or shelving scheme Damaged status Not for loan Home library Current library Date acquired Total Checkouts Full call number Date last seen Price effective from Koha item type
    Dewey Decimal Classification   Not For Loan D.B.Act.Division D.B.Act.Division 27/01/2009   368 THE 27/01/2009 27/01/2009 Periodicals

© Delhi Public Library
Hit Counter
free hit counter